LEADER 01035oam 2200265z- 450 001 9910694003203321 005 20240604134046.0 035 $a(CKB)5860000000019723 035 $a(BIP)013806275 035 $a(EXLCZ)995860000000019723 100 $a20231017c2006uuuu -u- - 101 0 $aeng 200 00$aConfirmation hearings on federal appointments : hearings before the Committee on the Judiciary, United States Senate, One Hundred Ninth Congress, first session. - Part 1 210 $cU.S. G.P.O 311 $a0-16-076663-X 517 $aConfirmation hearings on federal appointments 610 $aUnited States 610 $aJudges 610 $aPolitical science 610 $aLaw 712 02$aUnited States, Congress Senate Committee on the Judiciary Staff,$4oth 906 $aBOOK 912 $a9910694003203321 996 $aConfirmation hearings on federal appointments : hearings before the Committee on the Judiciary, United States Senate, One Hundred Ninth Congress, first session. - Part 1$93572297 997 $aUNINA